| 000 | 00606nam a2200193 a 4500 | ||
|---|---|---|---|
| 005 | 20240809063841.0 | ||
| 008 | 991125m19491973mx 000 0 spa u | ||
| 035 | _aUPN01000005116 | ||
| 049 | _aCG | ||
| 050 | 4 |
_aB1649 R9 _bA9.48 |
|
| 100 | 1 |
_aRussell, Bertrand Arthur William, _d1872-1970 |
|
| 245 | 1 | 0 |
_aAutoridad e individuo / _cpor Bertrand Russell ; tr. Márgara Villegas. |
| 260 |
_aMéxico : _bFCE, _c1949 (1973 impr.). |
||
| 300 | _a127 p. | ||
| 440 | 0 |
_aBreviarios del Fondo de Cultura Económica ; _v15 |
|
| 650 | 4 |
_aFILOSOFIA INGLESA _917736 |
|
| 650 | 4 |
_aIndividualidad _913038 |
|
| 905 | _aLibro | ||
| 999 |
_c5116 _d5116 |
||